|
|
|
|
| LEADER |
00000nam a2200000 4500 |
| 001 |
vtls012284763 |
| 003 |
SK-MaSNL |
| 005 |
20260331212537.0 |
| 008 |
251006s2019 sz 000 0 eng |
| 020 |
|
|
|a 9783319926896
|q ( viazané)
|
| 020 |
|
|
|a 9783319926902
|q (ebook)
|
| 040 |
|
|
|a SNK
|b slo
|c SNK
|e rda
|
| 041 |
0 |
|
|a eng
|
| 044 |
|
|
|a sz
|c CH
|
| 072 |
|
7 |
|2 konspekt
|
| 080 |
|
|
|2 2011
|
| 100 |
1 |
|
|a Neuman, Marek
|4 edt
|9 448234
|
| 245 |
1 |
0 |
|a Democracy promotion and the normative power Europe framework
|b the European Union in South Eastern Europe, Eastern Europe, and Central Asia
|c Marek Neuman
|
| 264 |
|
1 |
|a Cham
|b Springer
|c 2019
|
| 300 |
|
|
|a 201 strán
|
| 336 |
|
|
|a text
|b txt
|2 rdacontent
|
| 337 |
|
|
|a bez média
|b n
|2 rdamedia
|
| 338 |
|
|
|a zväzok
|b nc
|2 rdacarrier
|
| 852 |
|
|
|a Slovenská národná knižnica
|
| 919 |
|
|
|a 978-3-319-92689-6
|
| 919 |
|
|
|a 978-3-319-92690-2
|
| 999 |
|
|
|c 875710
|d 877640
|
| 952 |
|
|
|a SNK
|b SNK
|y NEVYP
|7 1
|o snk
|i snk
|8 4
|g 136.49
|0 0
|1 0
|4 0
|d 2025-10-06
|l 0
|r 2026-02-24 05:57:03
|w 2026-02-24
|